[Event "Bundesliga 1617"]
[Site "Germany"]
[Date "2017.03.18"]
[Round "9.1"]
[White "Markgraf, Alexander"]
[Black "Meier, Georg"]
[Result "0-1"]
[WhiteElo "2523"]
[BlackElo "2648"]
[Annotator "Meyer,CD"]
[PlyCount "110"]
[EventDate "2016.10.15"]
[EventType "team-tourn"]
[EventRounds "15"]
[EventCountry "GER"]
[SourceTitle "CBM 178"]
[Source "ChessBase"]
[SourceDate "2017.05.14"]
[SourceVersion "1"]
[SourceVersionDate "2017.05.14"]
[SourceQuality "1"]
[WhiteTeam "Werder Bremen"]
[BlackTeam "Baden-Baden"]
[WhiteTeamCountry "GER"]
[BlackTeamCountry "GER"]

{SORGFALT UND GEDULD (Fragen zur Endspiel-Technik)} 1. e4 e6 2. d4 d5 3. Nc3
dxe4 4. Nxe4 Nd7 {Die solide, etwas passive Rubinstein-Variante, Meiers
Hauptwaffe gegen diese Behandlung der Französischen Verteidigung, mit der er
große praktische Erfahrungen gesammelt hat. Was mag Markgraf dagegen
vorbereitet haben?} 5. Nf3 Ngf6 6. Bd3 ({Mit Abstand am beliebtesten ist nach
wie vor} 6. Nxf6+ Nxf6 {mit diversen Optionen, z.B.} 7. c3 (7. Bd3) (7. Bg5) (
7. Be3) (7. g3) 7... Be7 (7... c5 8. Be3 Qc7 9. Ne5 a6 10. Qa4+ Nd7 11. O-O-O
cxd4 12. Nxd7 Bxd7 13. Qxd4 Bc6 14. Be2 Rd8 15. Qg4 h5 16. Qg5 Rd5 17. Rxd5
Bxd5 18. Rd1 g6 19. Qf6 Rh7 20. Bf3 Be7 21. Qd4 Bxf3 22. gxf3 h4 23. Bf4 Qc6 {
und Weiß hatte nichts erreicht} 24. Qe5 Qc8 25. Qe4 Qc6 26. Qe5 Qc8 27. Qe4
Qc6 {- remis, Kasimdzhanov,R (2699) - Meier,G (2648), Sestao 2010}) 8. Bd3 O-O
9. O-O b6 10. Qe2 Bb7 11. Bf4 c5 12. dxc5 bxc5 13. Rad1 Qb6 14. Rd2 (14. Ne5
$142 $14) 14... Rad8 15. Rfd1 Qc6 16. Bb5 Qc8 17. Ne5 Rxd2 18. Rxd2 Qa8 19. f3
Nd5 20. Bg3 Rd8 21. c4 Nb6 22. Nd7 Nxd7 23. Bxd7 Bc6 24. Bxc6 Rxd2 25. Qxd2
Qxc6 $11 {- remis/47, Smerdon,D (2513) - Meier,G (2646), Tromso 2014}) 6... c5
7. O-O Nxe4 8. Bxe4 Nf6 9. Bg5 cxd4 10. Qe2 ({Natürlicher, wenngleich nicht
sonderlich attraktiv wirkt} 10. Nxd4 {, z.B.} Be7 11. Bd3 (11. Bf3 O-O 12. Re1
Qb6 13. Nb3 Rd8 14. Qe2 Bd7 15. Bd2 (15. Be3 Qc7 16. Rad1 a6 17. Bg5 Ng4 18.
Bxg4 Bxg5 $15 {- remis/62, Ganguly,S (2652) - Meier,G (2654), Berlin 2015})
15... Bb4 16. c3 Bd6 17. c4 a5 18. Red1 Bc6 19. Bxc6 bxc6 20. Bc3 a4 21. Nd4 {
- remis, Sjugirov,S (2588) - Drozdovski,Y (2603), Dagomys 2009}) 11... O-O 12.
c3 Qd5 13. Bxf6 $6 (13. Bh4 $142 Rd8 14. Qe2 Bd7 15. Rfd1 Bc6 16. Nxc6 Qxc6 17.
Qc2 g6 18. Be2 Nd5 19. Bg3 $14 {/=}) 13... Bxf6 14. Qc2 g6 15. Be4 Qc4 16. Rfd1
a6 17. Qd3 Qc7 18. Nb3 Rd8 19. Qg3 Qxg3 20. hxg3 Kf8 $15 {- remis/49, Kongsee,
U (2285) - Meier,G (2654), Baku 2016}) 10... Qb6 $5 11. Rfd1 $6 ({Ohne rechtes
Konzept gerät IM Markgraf danach schon früh auf Abwege. Mit dem Textzug
trennt er sich ersatzlos vom Läuferpaar und vertraut seinem
Entwicklungsvorsprung. Dabei verfügte er mit} 11. Bxf6 $142 gxf6 12. Rad1 {
über eine gefällige Alternative, z.B.} Bg7 (12... Bc5 13. Rd3 Bd7 (13... e5
$6 14. Rb3 Qc7 15. Nh4) 14. Rb3 Qd6 15. Rxb7 Rb8 16. Rxb8+ Qxb8 17. b3 Ke7 $13)
13. Nxd4 O-O 14. c3 f5 (14... Bd7 15. Bc2 (15. g4 $5) 15... Rfd8 16. Qh5 f5 $2
(16... h6 $142 $13) 17. g4 $1 fxg4 18. Bxh7+ Kf8 19. Rfe1 $16 {- 1:0/65,
Simakhin,A (2436) - Balabanov,V, ICCF email 2009}) 15. Bb1 Rd8 16. Rd3 Bd7 17.
Rfd1 Bc6 18. Rg3 $14 Rd5 (18... Kh8 19. Rxg7 Kxg7 20. Qe5+ Kg8 21. Rd3 Rxd4 22.
Qxd4 Qxd4 23. Rxd4 Kg7 (23... Kf8) 24. f3 $14 {- remis/46, Bocanegra Moreno,R 
(2271) - Majer,D (2217), LSS email 2010}) 19. Rdd3 (19. Qh5 Qd8 20. Bd3 Qf6 $11
) 19... Qc7 20. Qd2 Kh8 21. c4 Re5 $2 (21... Rxd4 22. Rxd4 Bxd4 23. Qxd4+ e5
24. Qh4 Qd6 25. Bd3 e4 26. Rh3 Qg6 27. Bf1 $14) 22. f4 $4 (22. Nxc6 Bh6 23. Qd1
bxc6 24. Kf1 Qe7 25. Rd7 $16) 22... Re4 $2 (22... Bh6 $1 $17 23. Ne2 Rxe2 24.
Qxe2 Bxf4 25. Rh3 Rg8 26. g3 b5) 23. Rxg7 Kxg7 24. Rg3+ Kf6 $13 {/= - remis/54,
Saric,I (2463) - Meier,G (2506), Szeged 2007}) 11... Nxe4 12. Qxe4 f6 ({
Gefällt mir besser als} 12... Bc5 {, z.B.} 13. Rab1 $2 (13. Nxd4 $142 O-O 14.
Be3 Bd7 (14... Qxb2 $2 15. Rdb1) 15. Rab1 $13 {/=}) 13... a5 $2 (13... f6 $142
$1 14. Bf4 (14. b4 Be7) 14... O-O 15. b4 Be7 16. Nxd4 e5) 14. Nxd4 O-O $13 {
/= - remis/31, Blomqvist,E (2322) - Langrock,H, (2398), Olomouc 2008}) 13. Bh4
$6 {Hier ist der Läufer deplatziert und erst einmal abgemeldet.} (13. Bc1 $142
e5 (13... Bc5 14. Nxd4 e5 {ist Zugumstellung}) 14. Nxd4 Bc5 15. Be3 (15. c3
$143 O-O 16. b4 Bxd4 17. cxd4 Rd8 18. Be3 Qxb4) 15... O-O 16. Qd5+ Kh8 17. Nf5
Bxe3 18. Nxe3 Qxb2 (18... Be6 $143 19. Qd6 Rfd8 20. Qe7) 19. Qd6 $44 {und
Weiß hat vermutlich gerade ausreichend Kompensation für den geopferten
Bauern, etwa nach dem weiteren} Re8 20. a4 b6 21. Nd5 (21. a5) 21... Bg4 22.
Nxf6 $1 Bxd1 23. Nxe8 Rxe8 24. Qxd1 e4 25. a5 bxa5 26. c4 Qc3 27. Qe1 Qxe1+ 28.
Rxe1 Rb8 29. Kf1 a4 30. c5 a3 31. c6 {- remis, Calleri,S (2297) - Jonasson,J 
(2337), ICCF email 2008. Weiter könnte folgen:} a2 32. c7 Rc8 33. Ra1 Rxc7 34.
Rxa2 Kg8 35. Ke2 Kf7 36. Ke3 Re7 37. Ra6 Ke8 38. Rd6 Rf7 39. h3 Rd7 (39... Ke7
40. Rd4) 40. Ra6 Re7 41. Rd6 $11) 13... Be7 14. Qxd4 $146 {Eine wahrscheinlich
neue, leider sehr unbefriedigende Fortsetzung.} ({Allerdings hat Weiß auch
nach} 14. Nxd4 O-O {seine "liebe Not". Man sehe:} 15. f4 ({Nach} 15. Nb3 $4 f5
16. Qc4 g5 17. Bg3 f4 $19 {käme der Läufer abhanden}) (15. h3 Rf7 $5 16. f4
Qxb2 $5 17. Bf2 (17. Nxe6 $2 f5 $1 18. Bxe7 Qxa1 19. Qd3 Qxd1+ 20. Qxd1 Bxe6
$17) 17... Bc5 18. Nxe6 Bxf2+ 19. Kxf2 Bxe6 20. Qxe6 Qxc2+ $17) 15... Bc5 16.
Kh1 Bxd4 $2 ({Konsequent war} 16... Qxb2 $142 $1 {, z.B.} 17. Nxe6 Re8 18. f5
Bxe6 19. fxe6 Qb6 $5 $17 {und Weiß kämpft mit dem Rücken an der Wand}) 17.
Qxd4 Qc6 (17... Qxd4 18. Rxd4 b6 $11) 18. Qd6 Qxd6 19. Rxd6 Re8 20. c4 b6 21.
Rad1 Kf7 22. Bg3 Bb7 $11 {, dennoch 1:0/66, Vocaturo,D (2489) - Bellini,F 
(2493), Arvier 2010}) 14... e5 15. Qxb6 axb6 $17 {Das weiße
Eröffnungskonzept ist nach diversen ungünstigen Tauschoperationen gründlich
gescheitert. Schwarz hat mit leichter Hand ziemlich schnell ein bequemes und
vorteilhaftes Endspiel erreicht. Die weiße Bauernmajorität am Damenflügel
ist kaum zu mobilisieren, während der schwarzen auf der anderen Brettseite
einige Dynamik innewohnt. Überdies verfügt der Nachziehende noch über das
Läuferpaar. Es ist nun interessant zu beobachten, mit welcher Endspieltechnik
die Kontrahenten ihre jeweiligen Ziele zu verfolgen suchen.} 16. Nd2 b5 $5 ({
Die raumgreifende Aufstellung am anderen Flügel mittels} 16... g5 $5 17. Bg3
Be6 18. a3 Kf7 {kam auch in Betracht.}) 17. Ne4 {Nutzt als Einfallstor die
d-Linie, um ggf. mittels Nd6(+) das feindliche Läuferpaar zu kappen.} Bd7 $6 (
{Warum nicht} 17... Ra6 $142 {, um den gegnerischen Plan zu durchkreuzen?} 18.
f3 Be6 (18... Kf7 19. a3 Be6) 19. Nc3 Rc6 $17 {mit schwarzem Vorteil}) 18. Nd6+
Bxd6 19. Rxd6 {Dieses Tauschgeschäft wiederum hat Weiß begünstigt, der bald
über die dunklen Felder Aktivitäten entfalten kann.} Bc6 ({Oder auch} 19...
Ke7 20. Rad1 Bc6 21. a3 Rhc8 (21... b4) 22. f3 b4 $15) 20. f3 Kf7 21. a3 (21.
Be1 Rhe8 22. Bb4 e4 23. f4) 21... g5 ({Offenbar möchte Schwarz weitere
Vereinfachungen vermeiden, etwa nach dem Muster} 21... b4 22. Be1 bxa3 23. Rxa3
Rxa3 24. bxa3 e4 $15 {/=} 25. fxe4 Bxe4 26. Rd7+ Kg6 27. Bb4 Rc8 28. c3) 22.
Be1 $13 {/=} Rhg8 23. Bc3 Ra4 24. h3 h5 25. Kf2 $6 (25. Bb4 $142 {hätte den
Ra4 ausgesperrt.}) 25... Rf4 26. Bd2 Rc4 27. Rc1 Ra4 $6 ({Das druckvolle
Vorgehen} 27... g4 $142 $1 {bot sich eher an, z.B.} 28. hxg4 hxg4 29. b3 g3+
30. Ke3 Rh4 31. Bc3 (31. Rg1 f5) 31... Rh2 32. Rg1 Re8 $17 {mit dem Plan f5})
28. Bb4 $13 {/= Worauf Schwarz einen neuen Anlauf nehmen muß.} Raa8 29. Bc3
Rae8 30. Rcd1 Re6 31. Rd8 Rxd8 32. Rxd8 h4 33. g3 $2 ({Anstatt eine stabile
Auffangstellung einzunehmen, fügt sich Weiß ohne jegliche Not leichtfertig
eine (verhängnisvolle) Schwächung zu. Eine ganz andere, passable
Möglichkeit bestand darin, den Läufer nach e3 zu wechseln und einfach
abzuwarten, etwa so:} 33. Bd2 $142 Kg6 (33... e4 $6 34. f4 e3+ 35. Bxe3 Bxg2
36. fxg5 Bxh3 37. Rd4) 34. Be3 $15 {/=}) 33... hxg3+ $6 ({Interessanter war
schon} 33... e4 $142 $5 34. fxe4 (34. gxh4 exf3 35. hxg5 Re2+ 36. Kf1 Rxc2 $15)
34... hxg3+ 35. Kxg3 Rxe4 $15 {, während das Spiel nach dem Textzug
eigentlich verflachen sollte.}) 34. Kxg3 Kg6 35. Bd2 $2 ({Mit einem weiteren
Fehler bringt Weiß sich erneut in die Bredouille. Nach} 35. Rg8+ $142 {
wäre eigentlich wenig los gewesen, z.B.} Kf5 36. Rh8 Rd6 37. h4 {Die
Beseitigung dieser Schwäche ist gravierend.} gxh4+ (37... Rd1 38. hxg5 Kxg5
39. Kf2) 38. Rxh4 Rd1 39. Kf2 Rc1 40. Ke3 Rf1 (40... Rxc2 41. f4 $11) 41. Rh5+
Kg6 42. Rh3 $15 {/=}) 35... Re7 $6 ({Auch GM Meiers Technik läßt an diesem
Tag zu wünschen übrig.} 35... e4 $142 $1 $17 36. fxe4 (36. f4 e3) 36... Rxe4)
36. Rd6 $6 ({An} 36. Rg8+ $142 Kf5 (36... Kf7 37. Rh8) 37. Rf8 Rh7 (37... Rd7
38. Ba5 Rd1 39. Bd8 Rd6 40. Ba5 $15) 38. Ba5 $15 {könnte sich Schwarz "die
Zähne ausbeißen".}) 36... Rh7 37. Bc3 Kf7 38. Ba5 Rh4 39. Bd2 Rc4 40. c3 (40.
Bc3 Rf4 41. Rd3 e4 42. fxe4 Bxe4 $17) 40... Ke7 41. Rd3 Rh4 42. Be3 Bd7 $17 {
Nach uninspirierter, zögerlicher Verteidigung und langem feindlichem Stochern
geht der Bauer h3 endlich verloren.} 43. Bc5+ Ke8 44. Rd6 Rxh3+ 45. Kg2 Rh6 46.
Kg3 Rg6 ({Schwarz versucht im Folgenden, die Bauernphalanx e5/f5/g5 zu
realisieren, um danach ein siegverheißendes Freibauernduo bilden zu können.
Zu diesem Plan erscheint eine Zugfolge wie etwa} 46... Bc6 47. Re6+ (47. Bb6
Ke7 48. Bc5 Kf7 49. Bb6 Rh4 50. Be3 {ist Zugumstellung zum Text}) 47... Kf7 48.
Rd6 Rh4 {effektiver, z.B.} 49. Be3 Kg6 50. Kg2 e4 51. fxe4 Bxe4+ 52. Kg3 Kf7 {
/\f5} 53. Rd7+ Ke6 54. Rg7 Kf5 55. Re7 Rg4+ 56. Kf2 Rg2+ 57. Ke1 Rxb2 {und mit
der nötigen Geduld und Sorgfalt sicherlich -+}) 47. Kf2 Bc6 48. Re6+ Kf7 49.
Re7+ Kg8 50. Re6 ({Falls} 50. Kg3 {, so kann und muß Schwarz ggf. die Türme
tauschen und in ein Endspiel mit ungleichfarbigen Läufern abwickeln:} Rg7 $8
51. Rxg7+ (51. Re6 Kf7 52. Re7+ Kg6 53. Re6 Kf5 54. Rd6 g4 $19) 51... Kxg7 52.
Bd6 Kg6 53. b3 Kf5 54. c4 bxc4 55. bxc4 Ba4 56. Be7 Bb3 57. c5 Bd1 58. Bd8 g4
$1 59. fxg4+ Bxg4 $19) 50... Rh6 51. Kg3 Kf7 52. Rd6 Rh4 53. Be3 Rh1 54. Bb6
Rf1 $6 ({Den Vorzug verdiente} 54... Rh4 $142 55. Be3 Kg6 {etc. mit einer
thematischen Stellung wie vorher behandelt.}) 55. Bf2 $2 ({Spielt dem Gegner
einmal mehr in die Hände. Erheblich längeren und härteren Widerstand hätte
} 55. Kg2 $142 $5 {geleistet, z.B.} Rb1 56. Kg3 Rh1 (56... Rxb2 $2 57. Kg4 $1
$132) (56... Rf1 57. Kg2 Rc1 58. Kg3 Rh1 {führt zum Text}) 57. Bd8 Rh6 58. Kf2
Rg6 59. b3 (59. Ke3 $143 f5 $19) 59... f5 (59... e4 60. fxe4 Bxe4 61. Rd7+ Ke6
62. Re7+ Kf5 {/\g4 ist ebenfalls mühselig, mag aber auch gut sein.}) 60. Rxg6
(60. Rd1 g4 61. fxg4 Rxg4) 60... Kxg6 61. Bc7 e4 62. f4 $5 g4 {und auch in
diesem Endspiel mit ungleichfarbigen Läufern wird Weiß sich zu böser Letzt
nicht retten können:} 63. c4 bxc4 64. bxc4 e3+ 65. Kg3 (65. Kxe3 g3 66. Bb6
Kh5 67. Kd4 Kg4 68. Ke5 Be4 $19) 65... Be4 66. Bb6 e2 67. Ba5 Kf6 68. Kf2 Bd3
69. Ke3 (69. c5 Ke6 70. Ke3 Bb5 71. a4 Bc4 72. Bb4 Kd5 73. a5 Kc6 74. Kf2 Kb5
75. Be1 Kxc5 76. Ke3 Ba6 77. Bd2 Bc4 78. Be1 Kc6 79. Kd4 Kb5 80. Ke3 Ka4 81.
Kf2 Kb3 82. Bd2 Kc2 83. Be1 Kd1 84. Bb4 Bd3 85. Bc3 Be4 86. Bb4 g3+ 87. Kxg3
e1=Q+ 88. Bxe1 Kxe1 $19) 69... Bxc4 70. Be1 Ke6 71. Kd4 Ba6 72. Bg3 Kd6 73. Be1
Kc6 74. Ke5 (74. a4 b6) 74... Bd3 75. Kd4 Be4 76. Ke3 Bf3 77. Kd4 Kb5 78. Kc3
Ka4 79. Kb2 Be4 80. Bh4 b5 81. Be1 Bd3 82. Bh4 (82. Ka2 Bc2 83. Kb2 Bb3 84. Bh4
b4 85. axb4 Kxb4 $19 {/\Kc4 etc. -+}) 82... b4 83. axb4 Kxb4 84. Bf2 Kc4 {
/\Kd5-e4 etc. -+}) 55... f5 $1 $19 {Weiß gab auf.} (55... f5 56. Rd2 (56. Kg2
Rb1 57. Kg3 Rxb2 58. Bb6 Rb3) 56... Kg6 (56... g4) 57. Kg2 Rb1 58. Rd6+ Kh5 59.
Rf6 f4) 0-1